000 00490nam a2200157Ia 4500
008 210329s9999||||xx |||||||||||||| ||und||
040 _cSTCPL
041 _hMAL
082 _a894.812
_bAAAA
245 0 _aSathyaneeshikoru vazhikatty
_hസത്യാനേഷിക്കൊരു വഴികാട്ടി
250 _a3rd ed.
260 _aBangalore
_bSri Sri Publications
_c1997
300 _a94
650 _aUral-Altaic, Paleosiberian, Dravidian LiteraturesMalayalam
942 _cBK
999 _c60365
_d60365